[Event "FIN-chT 0001"]
[Site "Finland"]
[Date "2000.11.24"]
[Round "2.6"]
[White "Seppanen, Asko"]
[Black "Partanen, Juha"]
[Result "1-0"]
[WhiteElo "2199"]
[BlackElo "2269"]
[PlyCount "97"]
[EventDate "2000.11.07"]
[EventType "team-tourn"]
[EventRounds "9"]
[EventCountry "FIN"]
[SourceTitle "EXT 2022"]
[Source "ChessBase"]
[SourceDate "2021.10.06"]
[SourceVersion "1"]
[SourceVersionDate "2021.10.06"]
[SourceQuality "1"]
[WhiteTeam "Turku TS"]
[BlackTeam "Jyvaskyla JyS"]
[WhiteTeamCountry "FIN"]
[BlackTeamCountry "FIN"]

1. c4 e6 2. Nc3 d5 3. d4 Nf6 4. Bg5 Be7 5. e3 0-0 6. Nf3 h6 7. Bh4 b6 8. cxd5 exd5 9. Bd3 Be6 10. 0-0 c5 11. Rc1 a6 12. Bb1 Nbd7 13. Qc2 g6 14. Qe2 Re8 15. Rfd1 Qb8 16. Bg3 Bd6 17. Bxd6 Qxd6 18. dxc5 bxc5 19. a3 Ne5 20. h3 Kg7 21. Ba2 Rab8 22. Rd2 c4 23. Bxc4 Nxc4 24. Qxc4 Rxb2 25. Qa4 Rxd2 26. Nxd2 Rc8 27. Ne2 Rxc1+ 28. Nxc1 Kh7 29. Ncb3 Ne4 30. Qb4 Qc6 31. Nxe4 dxe4 32. Nc5 Bd5 33. a4 h5 34. a5 Qf6 35. Qd4 Qc6 36. Nxa6 Qxa6 37. Qxd5 f5 38. h4 Qe2 39. Qf7+ Kh6 40. Qg8 Qd1+ 41. Kh2 Qd6+ 42. g3 Qf6 43. Kg2 Qb2 44. a6 Qa1 45. Qf8+ Kh7 46. Qe7+ Kh6 47. a7 Qd1 48. a8Q Qf3+ 49. Kg1 1-0

[Event "Helsinki We HSK op"]
[Site "Helsinki"]
[Date "2000.??.??"]
[Round "2"]
[White "Haanpaa, Jorma"]
[Black "Seppanen, Asko"]
[Result "1/2-1/2"]
[WhiteElo "2101"]
[BlackElo "2205"]
[PlyCount "148"]
[EventDate "2000.12.??"]
[EventType "swiss"]
[EventRounds "5"]
[EventCountry "FIN"]
[SourceTitle "EXT 2002"]
[Source "ChessBase"]
[SourceDate "2001.11.25"]
[SourceVersion "1"]
[SourceVersionDate "2001.11.25"]
[SourceQuality "1"]

1. e4 c5 2. Nc3 e6 3. f4 Nc6 4. Nf3 d5 5. Bb5 Nf6 6. Bxc6+ bxc6 7. Qe2 Be7 8. 0-0 0-0 9. d3 Ba6 10. Bd2 c4 11. d4 dxe4 12. Ng5 Qxd4+ 13. Be3 Qd8 14. Ngxe4 Nxe4 15. Nxe4 Qd5 16. Nc3 Qa5 17. Rfd1 Rfb8 18. Rab1 Bf6 19. Bd4 Bxd4+ 20. Rxd4 Qb6 21. Qf2 Rd8 22. Rbd1 Rxd4 23. Qxd4 Rd8 24. Qf2 Rxd1+ 25. Nxd1 h6 26. c3 Kf8 27. Kf1 Qxf2+ 28. Kxf2 Ke7 29. Ke3 Kd6 30. Ke4 f5+ 31. Kd4 g5 32. g3 c5+ 33. Ke3 e5 34. fxe5+ Kxe5 35. Nf2 Bc8 36. Kf3 Be6 37. Ke3 Bd5 38. Nh3 Be4 39. Nf2 Bc2 40. a3 Bb1 41. Nh3 Be4 42. Nf2 Bg2 43. Ke2 g4 44. Kd2 h5 45. Nd1 Bf3 46. Ne3 Bd5 47. Ke2 Be6 48. Ng2 Ke4 49. Nf4 Bf7 50. Ng2 Bd5 51. Nf4 h4 52. Ng6 hxg3 53. hxg3 Bc6 54. Nf4 Ba4 55. Ne6 Kd5 56. Nf4+ Kc6 57. Kd2 Bb3 58. Ng2 Ba2 59. Ne3 Bb1 60. Nxc4 Kd5 61. Ne3+ Ke4 62. Ke2 f4 63. gxf4 Kxf4 64. b4 cxb4 65. cxb4 g3 66. a4 Be4 67. b5 Bf3+ 68. Kd2 Bb7 69. a5 Bc8 70. Ke2 Ke4 71. Ng2 Bd7 72. b6 axb6 73. axb6 Bc6 74. Nh4 Kf4 1/2-1/2

[Event "FIN-chT 9900"]
[Site "Finland"]
[Date "2000.??.??"]
[Round "6.6"]
[White "Kanko, Ilkka"]
[Black "Seppanen, Asko"]
[Result "1/2-1/2"]
[WhiteElo "2204"]
[BlackElo "2218"]
[PlyCount "65"]
[EventDate "1999.??.??"]
[EventType "team-tourn"]
[EventRounds "9"]
[EventCountry "FIN"]
[SourceTitle "EXT 2001"]
[Source "ChessBase"]
[SourceDate "2000.11.22"]
[SourceVersion "1"]
[SourceVersionDate "2000.11.22"]
[SourceQuality "1"]
[WhiteTeam "Helsinki HSK"]
[BlackTeam "Turku TS"]
[WhiteTeamCountry "FIN"]
[BlackTeamCountry "FIN"]

1. d4 Nf6 2. c4 e6 3. Nc3 d5 4. Bg5 Nbd7 5. e3 c6 6. Qc2 Be7 7. Nf3 0-0 8. Rd1 Re8 9. Be2 a6 10. 0-0 b5 11. b3 Bb7 12. Ne5 Nxe5 13. dxe5 Nd7 14. Bxe7 Rxe7 15. f4 Qb6 16. Rf3 f5 17. exf6 Nxf6 18. Qd2 e5 19. fxe5 Rxe5 20. Qd4 Qc7 21. cxd5 cxd5 22. Bd3 Rae8 23. Rdf1 Qe7 24. Nd1 Bc8 25. h3 Qd6 26. Qh4 R5e7 27. Nf2 Qc5 28. Kh1 Qd6 29. Rf4 Qe5 30. Rf3 Bd7 31. Bb1 Qh5 32. Qd4 Qg5 33. Nd1 1/2-1/2

[Event "Helsinki op4"]
[Site "Helsinki"]
[Date "1999.??.??"]
[Round "5"]
[White "Seppanen, Asko"]
[Black "Andersson, Johan"]
[Result "0-1"]
[WhiteElo "2218"]
[BlackElo "2182"]
[PlyCount "160"]
[EventDate "1999.??.??"]
[EventType "swiss"]
[EventRounds "5"]
[EventCountry "FIN"]
[SourceTitle "EXT 2001"]
[Source "ChessBase"]
[SourceDate "2000.11.22"]
[SourceVersion "1"]
[SourceVersionDate "2000.11.22"]
[SourceQuality "1"]

1. c4 c6 2. Nf3 d5 3. cxd5 cxd5 4. g3 Nf6 5. Bg2 e6 6. 0-0 Be7 7. d4 0-0 8. Nc3 Nc6 9. Bf4 b6 10. Qa4 Bb7 11. Rfc1 a6 12. Ne5 Nxe5 13. Bxe5 b5 14. Qb3 Nd7 15. e4 Nxe5 16. dxe5 b4 17. Na4 dxe4 18. Qe3 Bg5 19. Qe1 Bxc1 20. Rxc1 Qd4 21. Nc5 Bd5 22. Bxe4 Bxe4 23. Nxe4 Qxe5 24. Qxb4 Rab8 25. Qa4 Qxb2 26. Re1 Qb4 27. Qd1 Rfd8 28. Qe2 Qb5 29. Qf3 Qf5 30. Qa3 a5 31. h4 h6 32. Kg2 Rb4 33. Qe3 Rdd4 34. f3 Rb2+ 35. Re2 Rxe2+ 36. Qxe2 Qd5 37. g4 f5 38. gxf5 exf5 39. Nf2 Kh7 40. h5 Qf7 41. Qb5 a4 42. Qb2 Rh4 43. Qb5 Rxh5 44. Qxa4 Qg6+ 45. Kf1 Qg3 46. Ke2 Qe5+ 47. Kf1 Rh2 48. Qb3 Qg3 49. Qe3 Rh4 50. Qd3 Qg5 51. Qc2 Rd4 52. Ke2 h5 53. Nd3 h4 54. Qc5 Rd8 55. a4 h3 56. Qe5 Qh5 57. Qh2 Rd4 58. Nf2 Rxa4 59. Qxh3 Qxh3 60. Nxh3 Kh6 61. Ke3 g5 62. Ng1 Kh5 63. Ne2 f4+ 64. Kf2 Kh4 65. Nc3 Rc4 66. Nb5 Rc2+ 67. Kf1 Kg3 68. Nd4 Rf2+ 69. Kg1 Rxf3 70. Nf5+ Kh3 71. Nd4 Ra3 72. Ne6 Ra5 73. Kf2 Re5 74. Nd4 g4 75. Nc6 Re8 76. Nd4 f3 77. Kf1 Kh2 78. Kf2 Rf8 79. Ne6 g3+ 80. Ke3 Re8 0-1

[Event "Heart of Finland op 09th"]
[Site "Jyvaskyla"]
[Date "1999.??.??"]
[Round "?"]
[White "Seppanen, Asko"]
[Black "Haataja, Riku"]
[Result "1/2-1/2"]
[WhiteElo "2218"]
[BlackElo "2309"]
[PlyCount "196"]
[EventDate "1999.07.??"]
[EventType "swiss"]
[EventRounds "9"]
[EventCountry "FIN"]
[SourceTitle "EXT 2001"]
[Source "ChessBase"]
[SourceDate "2000.11.22"]
[SourceVersion "1"]
[SourceVersionDate "2000.11.22"]
[SourceQuality "1"]

1. c4 e6 2. Nf3 d5 3. g3 Nf6 4. Bg2 Be7 5. 0-0 0-0 6. d4 c6 7. b3 Nbd7 8. Bb2 Re8 9. Nc3 Nf8 10. Qc2 Ng6 11. e4 dxe4 12. Nxe4 Bd7 13. Rfd1 Qb6 14. Ne5 Red8 15. Ng5 Be8 16. h4 Nd7 17. Nxg6 hxg6 18. Nh3 Qc7 19. Qe2 Bf6 20. Ng5 c5 21. Ne4 cxd4 22. Bxd4 Bxd4 23. Rxd4 Ne5 24. Rad1 Rxd4 25. Rxd4 Nc6 26. Rd2 Rd8 27. Qd1 Kf8 28. Rxd8 Qxd8 29. Qxd8 Nxd8 30. Nd6 Bc6 31. Bxc6 bxc6 32. Kf1 Ke7 33. Ne4 f5 34. Nc5 Kd6 35. Nd3 e5 36. Ke2 a5 37. f4 exf4 38. Nxf4 g5 39. hxg5 Nf7 40. g6 Ne5 41. Nh5 Nxg6 42. Nxg7 Ke5 43. Ke3 f4+ 44. gxf4+ Nxf4 45. Kd2 Kd4 46. Nf5+ Kc5 47. Ne3 Ne6 48. Kc3 Nd4 49. Nc2 Ne2+ 50. Kd2 Nf4 51. Ke3 Ne6 52. Kd3 Nf4+ 53. Kc3 Ne2+ 54. Kb2 a4 55. Ne1 axb3 56. axb3 Kb6 57. Nf3 c5 58. Kc2 Nf4 59. Ne5 Ne6 60. Kd3 Nf4+ 61. Ke4 Ne2 62. Kd5 Nc3+ 63. Ke6 Ne4 64. Nf3 Kc6 65. Ke5 Nd6 66. Ng5 Nb7 67. Ne4 Na5 68. Nd2 Nb7 69. Ke4 Nd6+ 70. Kd3 Nb7 71. Ne4 Na5 72. Kc3 Nb7 73. Nf6 Nd6 74. Kb2 Nf5 75. Ka3 Nd4 76. Ka4 Kb6 77. Nd5+ Kc6 78. Nc3 Kb6 79. Nb5 Nc2 80. Nd6 Nd4 81. Nc8+ Kc7 82. Ne7 Kb6 83. Ka3 Kc7 84. Kb2 Kd6 85. Nd5 Nc6 86. Kc3 Na5 87. Nf6 Kc6 88. Kc2 Nb7 89. Kb2 Nd6 90. Kc3 Nb7 91. Ne4 Nd8 92. Nxc5 Kxc5 93. b4+ Kc6 94. Kd4 Ne6+ 95. Ke5 Nc5 96. b5+ Kb6 97. Kd5 Nb3 98. Kd6 Nd4 1/2-1/2

[Event "FIN-chT 9900"]
[Site "Finland"]
[Date "1999.??.??"]
[Round "?"]
[White "Seppanen, Asko"]
[Black "Porrasmaa, Timo"]
[Result "0-1"]
[WhiteElo "2218"]
[BlackElo "2152"]
[PlyCount "100"]
[EventDate "1999.??.??"]
[EventType "team-tourn"]
[EventRounds "9"]
[EventCountry "FIN"]
[SourceTitle "EXT 2001"]
[Source "ChessBase"]
[SourceDate "2000.11.22"]
[SourceVersion "1"]
[SourceVersionDate "2000.11.22"]
[SourceQuality "1"]
[WhiteTeam "Turku TS"]
[BlackTeam "Joensuu SK"]
[WhiteTeamCountry "FIN"]
[BlackTeamCountry "FIN"]

1. c4 g6 2. Nf3 Bg7 3. g3 Nf6 4. Bg2 0-0 5. 0-0 d6 6. Nc3 e5 7. d4 Nc6 8. d5 Ne7 9. c5 Ne8 10. cxd6 Nxd6 11. e4 Bd7 12. Qb3 Nec8 13. a4 Nb6 14. a5 Nbc4 15. Nd2 Nxd2 16. Bxd2 a6 17. Be3 f5 18. f3 f4 19. Bf2 h5 20. Na4 Bh6 21. Nc5 Kh7 22. Rfd1 Qe7 23. gxf4 Bxf4 24. Nd3 Bh6 25. Qc3 Rae8 26. Qxc7 Rc8 27. Qb6 Rc2 28. Qb3 Rfc8 29. Nb4 Rxf2 30. Kxf2 Qh4+ 31. Kg1 Bf4 32. Nd3 Qxh2+ 33. Kf2 Qg3+ 34. Kf1 Bb5 35. Re1 Nc4 36. Re2 Ne3+ 37. Kg1 Qh2+ 38. Kf2 Qh4+ 39. Kg1 Bh2+ 40. Kh1 Bg3+ 41. Bh3 Qxh3+ 42. Kg1 Bf4 43. Nxf4 exf4 44. Rd2 Qg3+ 45. Kh1 Qxf3+ 46. Kg1 Bf1 47. Qxb7+ Kh6 48. Qxc8 Qg3+ 49. Kh1 Bg2+ 50. Rxg2 Qxg2# 0-1

[Event "FIN-chT 9900"]
[Site "Finland"]
[Date "1999.??.??"]
[Round "4"]
[White "Seppanen, Asko"]
[Black "Raisa, Unto"]
[Result "1/2-1/2"]
[WhiteElo "2218"]
[BlackElo "2191"]
[PlyCount "43"]
[EventDate "1999.??.??"]
[EventType "team-tourn"]
[EventRounds "9"]
[EventCountry "FIN"]
[SourceTitle "EXT 2001"]
[Source "ChessBase"]
[SourceDate "2000.11.22"]
[SourceVersion "1"]
[SourceVersionDate "2000.11.22"]
[SourceQuality "1"]
[WhiteTeam "Turku TS"]
[BlackTeam "Kuopio KSY"]
[WhiteTeamCountry "FIN"]
[BlackTeamCountry "FIN"]

1. c4 g6 2. Nc3 Bg7 3. Nf3 e5 4. d4 d6 5. dxe5 dxe5 6. Qxd8+ Kxd8 7. Bg5+ f6 8. 0-0-0+ Ke8 9. Bh4 Be6 10. Nb5 Na6 11. e4 Nh6 12. Be2 Nf7 13. h3 Ke7 14. Kb1 c6 15. Nc3 Rhd8 16. g4 Rxd1+ 17. Rxd1 g5 18. Bg3 Rd8 19. Rxd8 Kxd8 20. Nd2 Bf8 21. a3 Nb8 22. f3 1/2-1/2

[Event "FIN-chT 9899"]
[Site "Finland"]
[Date "1999.??.??"]
[Round "6"]
[White "Vihinen, Teemu"]
[Black "Seppanen, Asko"]
[Result "1/2-1/2"]
[WhiteElo "2155"]
[BlackElo "2215"]
[PlyCount "48"]
[EventDate "1998.??.??"]
[EventType "team-tourn"]
[EventRounds "9"]
[EventCountry "FIN"]
[SourceTitle "EXT 2000"]
[Source "ChessBase"]
[SourceDate "1999.11.16"]
[SourceVersion "1"]
[SourceVersionDate "1999.11.16"]
[SourceQuality "1"]
[WhiteTeam "Vantaa EtVaS"]
[BlackTeam "Turku TS"]
[WhiteTeamCountry "FIN"]
[BlackTeamCountry "FIN"]

1. e4 e6 2. d4 d5 3. e5 c5 4. c3 Nc6 5. Nf3 Bd7 6. a3 c4 7. Nbd2 Na5 8. g3 Qb6 9. Bg2 Nh6 10. 0-0 Nf5 11. Rb1 Nb3 12. Nxb3 Ba4 13. Nfd2 Ne7 14. f4 g6 15. Bf3 Nc6 16. Qe1 cxb3 17. Be2 Rc8 18. Qf2 h5 19. h3 Be7 20. Nf3 Bb5 21. Be3 Na5 22. Nd2 Bxe2 23. Qxe2 Nc4 24. Nxc4 Rxc4 1/2-1/2

[Event "Turku We TuTS op"]
[Site "Turku"]
[Date "1998.??.??"]
[Round "2"]
[White "Salmensuu, Olli"]
[Black "Seppanen, Asko"]
[Result "0-1"]
[WhiteElo "2375"]
[BlackElo "2215"]
[PlyCount "88"]
[EventDate "1998.??.??"]
[EventType "swiss"]
[EventRounds "5"]
[EventCountry "FIN"]
[SourceTitle "EXT 2001"]
[Source "ChessBase"]
[SourceDate "2000.11.22"]
[SourceVersion "1"]
[SourceVersionDate "2000.11.22"]
[SourceQuality "1"]

1. e4 e6 2. d4 d5 3. Nc3 Nf6 4. Bg5 dxe4 5. Nxe4 Nbd7 6. Nf3 Be7 7. Nxf6+ Nxf6 8. Qe2 0-0 9. 0-0-0 b6 10. h4 Bb7 11. Ne5 Qd5 12. c4 Qa5 13. Kb1 Rad8 14. Rh3 a6 15. Rg3 Rfe8 16. Bh6 g6 17. h5 Be4+ 18. Ka1 Rxd4 19. Rxd4 Qxe5 20. Be3 c5 21. f4 Qxh5 22. Rd1 Bf5 23. Re1 Qxe2 24. Bxe2 Ne4 25. Rf3 Bg4 26. Kb1 Rd8 27. Kc2 Bxf3 28. Bxf3 Nd6 29. b3 Nf5 30. Bf2 Bh4 31. Bxh4 Nxh4 32. Be4 Nf5 33. g4 Nd4+ 34. Kc3 Kg7 35. Bd3 a5 36. Rf1 f5 37. gxf5 exf5 38. Rf2 Ne6 39. Kd2 Kf6 40. Ke3 Rd4 41. Bc2 h5 42. Bd3 h4 43. Rf3 h3 44. Bf1 Re4+ 0-1

[Event "Helsinki We HSK op"]
[Site "Helsinki"]
[Date "1998.??.??"]
[Round "2"]
[White "Sammalvuo, Tapani"]
[Black "Seppanen, Asko"]
[Result "1-0"]
[WhiteElo "2395"]
[BlackElo "2215"]
[PlyCount "81"]
[EventDate "1998.??.??"]
[EventType "swiss"]
[EventRounds "5"]
[EventCountry "FIN"]
[SourceTitle "EXT 2000"]
[Source "ChessBase"]
[SourceDate "1999.11.16"]
[SourceVersion "1"]
[SourceVersionDate "1999.11.16"]
[SourceQuality "1"]

1. d4 Nf6 2. c4 e6 3. Nf3 d5 4. Nc3 Be7 5. Bg5 Nbd7 6. e3 0-0 7. Qc2 c6 8. Rd1 Re8 9. a3 Nf8 10. Bd3 a6 11. Ne5 N6d7 12. Nxd7 Bxd7 13. Bf4 b5 14. cxd5 cxd5 15. e4 Ng6 16. Bg3 Rc8 17. exd5 exd5 18. 0-0 Be6 19. Qb3 Bf6 20. Ne2 Qd7 21. a4 bxa4 22. Qb4 Ra8 23. Rc1 Be7 24. Qa5 Bd8 25. Bc7 Bf5 26. Bxf5 Qxf5 27. Ng3 Qe6 28. Bxd8 Rexd8 29. Qxa4 Qb6 30. Rc2 Nf4 31. Re1 Ne6 32. Nf5 Ra7 33. Qa3 g6 34. Ne7+ Kg7 35. Nc8 Qxd4 36. Nxa7 Qxa7 37. Rc6 a5 38. Rexe6 fxe6 39. Qc3+ d4 40. Rc7+ Kh8 41. Qg3 1-0

[Event "Tampere op 9th"]
[Site "Tampere"]
[Date "1998.??.??"]
[Round "1"]
[White "Seppanen, Asko"]
[Black "Pietinen, Pekka"]
[Result "1-0"]
[WhiteElo "2215"]
[BlackElo "2075"]
[PlyCount "53"]
[EventDate "1998.??.??"]
[EventType "swiss"]
[EventRounds "5"]
[EventCountry "FIN"]
[SourceTitle "EXT 2002"]
[Source "ChessBase"]
[SourceDate "2001.11.25"]
[SourceVersion "1"]
[SourceVersionDate "2001.11.25"]
[SourceQuality "1"]

1. c4 c6 2. e4 g6 3. Nc3 Bg7 4. Nf3 d6 5. d4 Nf6 6. g3 0-0 7. Bg2 Nbd7 8. 0-0 e5 9. h3 a6 10. a4 Re8 11. Re1 Qa5 12. Bd2 Qb6 13. a5 Qc7 14. Be3 Nf8 15. b4 Qe7 16. d5 cxd5 17. cxd5 Bd7 18. Nd2 Rec8 19. Qb3 Ne8 20. Nc4 Rab8 21. Nb6 Rd8 22. Rac1 Nc7 23. Bf1 Bf6 24. b5 Nxb5 25. Nxb5 axb5 26. Rc7 Qe8 27. Rec1 1-0

[Event "FIN-chT 9899"]
[Site "Finland"]
[Date "1998.??.??"]
[Round "1"]
[White "Simola, Tuomas"]
[Black "Seppanen, Asko"]
[Result "1/2-1/2"]
[WhiteElo "2080"]
[BlackElo "2215"]
[PlyCount "34"]
[EventDate "1998.??.??"]
[EventType "team-tourn"]
[EventRounds "9"]
[EventCountry "FIN"]
[SourceTitle "EXT 2000"]
[Source "ChessBase"]
[SourceDate "1999.11.16"]
[SourceVersion "1"]
[SourceVersionDate "1999.11.16"]
[SourceQuality "1"]
[WhiteTeam "Salo SK"]
[BlackTeam "Turku TS"]
[WhiteTeamCountry "FIN"]
[BlackTeamCountry "FIN"]

1. e4 e6 2. d4 d5 3. e5 c5 4. c3 Nc6 5. Nf3 Bd7 6. a3 c4 7. Nbd2 Na5 8. Be2 Nh6 9. Rb1 Nf5 10. 0-0 h5 11. Re1 g6 12. Nf1 Be7 13. g3 Nb3 14. Be3 a5 15. N3d2 Nxd2 16. Bxd2 a4 17. h4 Kf8 1/2-1/2

[Event "Helsinki We HSK op"]
[Site "Helsinki"]
[Date "1997.??.??"]
[Round "4"]
[White "Sepp, Olav"]
[Black "Seppanen, Asko"]
[Result "1-0"]
[WhiteElo "2425"]
[BlackElo "2235"]
[PlyCount "80"]
[EventDate "1997.??.??"]
[EventType "swiss"]
[EventRounds "5"]
[EventCountry "FIN"]
[SourceTitle "EXT 1999"]
[Source "ChessBase"]
[SourceDate "1998.11.16"]
[SourceVersion "1"]
[SourceVersionDate "1998.11.16"]
[SourceQuality "1"]

1. e4 e6 2. d4 d5 3. e5 c5 4. c3 Nc6 5. Nf3 Qb6 6. Be2 Bd7 7. 0-0 cxd4 8. cxd4 Nge7 9. Nc3 Nf5 10. Na4 Qa5 11. Bd2 Qd8 12. Bc3 b6 13. b3 Be7 14. Bd3 Rc8 15. Qd2 h5 16. Nb2 g5 17. Bxf5 exf5 18. Nd3 a5 19. Rac1 Be6 20. Rc2 g4 21. Nfe1 Kd7 22. Nf4 Nb4 23. Bxb4 Bxb4 24. Qe2 Bxe1 25. Rxe1 Rxc2 26. Qxc2 Qc8 27. Qd2 h4 28. Rc1 Qb7 29. h3 Rc8 30. Kh2 Rc6 31. Nd3 Rxc1 32. Qxc1 Qa6 33. Qc2 Qa8 34. Nf4 Qh8 35. b4 Qh6 36. g3 axb4 37. Qa4+ Kc7 38. Qxb4 hxg3+ 39. fxg3 gxh3 40. a4 Qg5 1-0

[Event "FIN-chT 9697"]
[Site "Finland"]
[Date "1997.??.??"]
[Round "7.5"]
[White "Seppanen, Asko"]
[Black "Kanko, Ilkka"]
[Result "1-0"]
[WhiteElo "2290"]
[BlackElo "2295"]
[PlyCount "83"]
[EventDate "1996.??.??"]
[EventType "team"]
[EventRounds "9"]
[EventCountry "FIN"]
[SourceTitle "EXT 1999"]
[Source "ChessBase"]
[SourceDate "1998.11.16"]
[SourceVersion "1"]
[SourceVersionDate "1998.11.16"]
[SourceQuality "1"]

1. c4 g6 2. Nf3 Bg7 3. d4 Nf6 4. Nc3 0-0 5. g3 d6 6. Bg2 c6 7. 0-0 Qa5 8. e4 e5 9. d5 cxd5 10. cxd5 Na6 11. a3 Bd7 12. Bd2 Rfc8 13. b4 Qd8 14. Qe2 Qf8 15. Rfc1 Nh5 16. Ng5 h6 17. Bh3 Qe7 18. Bxd7 Qxd7 19. Nf3 Rf8 20. Nh4 Kh7 21. Ra2 Bf6 22. Nf5 Nf4 23. gxf4 gxf5 24. Qh5 Rg8+ 25. Kh1 exf4 26. Bxf4 Bg5 27. Qf3 Rac8 28. Rac2 Rg6 29. Be3 Bxe3 30. fxe3 fxe4 31. Nxe4 Rxc2 32. Rxc2 Kg7 33. Rf2 Qe7 34. Ng3 Kg8 35. Qf4 Nc7 36. Nf5 Qg5 37. Qxg5 Rxg5 38. e4 Ne8 39. Nxh6+ Kg7 40. Nf5+ Kf8 41. h3 Rg6 42. Rc2 1-0